000 01018nam a22003017a 4500
001 9804
003 FISKH
005 20260226131950.0
008 260226b cb ||||| |||| 00| 0 eng d
020 _a9780547519883
040 _aFISKH
_beng
_cFISKH
_dFISKH
050 _aPZ7 .M35672
082 _a411
100 _aMarshall, James
_eAuthor
245 _aGeorge and Martha :
_bThe best of friends /
_cWritten and illustrated by James Marshall
260 _aNew York :
_bHoughton Mifflin Harcourt Publishing ,
_c1988
300 _a25 pages :
_bcolor illustrations ;
_c23 cm
490 _aGeorge and Martha
_vSplit Editions — 7.2
505 _aJ
520 _aTwo stories chronicle the ups and downs of a special friendship between two hippopotamuses.
521 8 _a500
_bLexile estimate
521 8 _aJ
_bRaz-Plus
650 _aChildren's books
_vCommunication friendship
650 _aRealistic fiction
_vHippos
700 _aMarshall, James
_eIllustrator
942 _2ddc
_cBK
_n0
999 _c9804
_d9804